00864nam a2200193Ia 4500100001900000650001800019942000700037366000600044654001800050245002900068260004200097082002000139300000800159546001200167999001700179952015800196952015800354952015800512 aShaw/Milton C  aMetal cutting cBK f1 ametal cutting aMetal cutting Principles bOxford university pressaMumbaic2004 a671.53/SHAbSHA a651 aENGLISH c31476d31476 001040708CRCaCRCEbCRCEd2023-03-17eProfessional Book houseg374.00i115 dt 16/08/2008l0o671.53/SHA SHAp18899r2023-03-17v375.00w0000-00-00yBK 001040708CRCaCRCEbCRCEd2023-03-17eProfessional Book houseg374.00i115 dt 16/08/2008l0o671.53/SHA SHAp18900r2023-03-17v375.00w0000-00-00yBK 001040708CRCaCRCEbCRCEd2023-03-17eProfessional Book houseg374.00i115 dt 16/08/2008l0o671.53/SHA SHAp18901r2023-03-17v375.00w0000-00-00yBK